Star Wars Episode 1: Racer Playable Characters - Statistics

General Stats
  • This quiz has been taken 7 times
  • The average score is 10 of 25
Answer Stats
Answer % Correct
Anakin Skywalker
80%
Sebulba
80%
Aldar Beedo
40%
Ark "Bumpy" Roose
40%
Ben Quadrinaros
40%
Boles Roor
40%
"Bullseye" Navior
40%
Clegg Holdfast
40%
Dud Bolt
40%
Ebe Endocott
40%
Fud Sang
40%
Gasgano
40%
Mars Guo
40%
Mawhonic
40%
Neva Kee
40%
Ody Mandrell
40%
Ratts Tyerell
40%
Slide Paramita
40%
Teemto Pagalies
40%
Wan Sandage
40%
Bozzie Baranta
20%
Cy Yunga
20%
Elan Mak
20%
Toy Dampner
20%
Jinn Reeso
0%
No matching quizzes found
Score Distribution
Percent of People with Each Score
Percentile by Number Answered
Your Score History
You have not taken this quiz